<?xml version="1.0" encoding="UTF-8"?>
<record
    xmlns:xsi="http://www.w3.org/2001/XMLSchema-instance"
    xsi:schemaLocation="http://www.loc.gov/MARC21/slim http://www.loc.gov/standards/marcxml/schema/MARC21slim.xsd"
    xmlns="http://www.loc.gov/MARC21/slim">

  <leader>00447nam a22001457a 4500</leader>
  <controlfield tag="003">OSt</controlfield>
  <controlfield tag="005">20150929172346.0</controlfield>
  <controlfield tag="008">150929b        xxu||||| |||| 00| 0 eng d</controlfield>
  <datafield tag="040" ind1=" " ind2=" ">
    <subfield code="c">RUA </subfield>
  </datafield>
  <datafield tag="082" ind1=" " ind2=" ">
    <subfield code="a">AGR CHA 2002 B061 Or.1</subfield>
  </datafield>
  <datafield tag="100" ind1=" " ind2=" ">
    <subfield code="9">1579</subfield>
    <subfield code="a">CHAY SEAKHY </subfield>
  </datafield>
  <datafield tag="245" ind1=" " ind2=" ">
    <subfield code="a">Contribution a la collection des varietes des concombers a la station experimentale de l'university royaled d' agriculture, </subfield>
  </datafield>
  <datafield tag="300" ind1=" " ind2=" ">
    <subfield code="a">44p. </subfield>
    <subfield code="b">ill.</subfield>
    <subfield code="c">29cm.</subfield>
  </datafield>
  <datafield tag="942" ind1=" " ind2=" ">
    <subfield code="2">ddc</subfield>
    <subfield code="c">AGR</subfield>
  </datafield>
  <datafield tag="999" ind1=" " ind2=" ">
    <subfield code="c">1490</subfield>
    <subfield code="d">1490</subfield>
  </datafield>
  <datafield tag="952" ind1=" " ind2=" ">
    <subfield code="0">0</subfield>
    <subfield code="1">0</subfield>
    <subfield code="2">ddc</subfield>
    <subfield code="4">0</subfield>
    <subfield code="6">AGR_CHA_2002_000000000000000_B061_OR_1</subfield>
    <subfield code="7">0</subfield>
    <subfield code="9">6659</subfield>
    <subfield code="a">LBB</subfield>
    <subfield code="b">LBB</subfield>
    <subfield code="c">B061</subfield>
    <subfield code="d">2015-09-29</subfield>
    <subfield code="o">AGR CHA 2002 B061 Or.1</subfield>
    <subfield code="p">RUA008165</subfield>
    <subfield code="r">2015-09-29</subfield>
    <subfield code="w">2015-09-29</subfield>
    <subfield code="y">AGR</subfield>
  </datafield>
  <datafield tag="952" ind1=" " ind2=" ">
    <subfield code="0">0</subfield>
    <subfield code="1">0</subfield>
    <subfield code="2">ddc</subfield>
    <subfield code="4">0</subfield>
    <subfield code="6">AGR_CHA_2002_000000000000000_B061_OR_2</subfield>
    <subfield code="7">0</subfield>
    <subfield code="9">6660</subfield>
    <subfield code="a">LBB</subfield>
    <subfield code="b">LBB</subfield>
    <subfield code="c">B061</subfield>
    <subfield code="d">2015-09-29</subfield>
    <subfield code="o">AGR CHA 2002 B061 Or.2</subfield>
    <subfield code="p">RUA008093</subfield>
    <subfield code="r">2015-09-29</subfield>
    <subfield code="w">2015-09-29</subfield>
    <subfield code="y">AGR</subfield>
  </datafield>
  <datafield tag="952" ind1=" " ind2=" ">
    <subfield code="0">0</subfield>
    <subfield code="1">0</subfield>
    <subfield code="2">ddc</subfield>
    <subfield code="4">0</subfield>
    <subfield code="6">AGR_CHA_2002_000000000000000_B061_OR_3</subfield>
    <subfield code="7">0</subfield>
    <subfield code="9">6661</subfield>
    <subfield code="a">LBB</subfield>
    <subfield code="b">LBB</subfield>
    <subfield code="c">B061</subfield>
    <subfield code="d">2015-09-29</subfield>
    <subfield code="o">AGR CHA 2002 B061 Or.3</subfield>
    <subfield code="p">RUA008096</subfield>
    <subfield code="r">2015-09-29</subfield>
    <subfield code="w">2015-09-29</subfield>
    <subfield code="y">AGR</subfield>
  </datafield>
  <datafield tag="952" ind1=" " ind2=" ">
    <subfield code="0">0</subfield>
    <subfield code="1">0</subfield>
    <subfield code="2">ddc</subfield>
    <subfield code="4">0</subfield>
    <subfield code="6">AGR_CHA_2002_000000000000000_B061_OR_4</subfield>
    <subfield code="7">0</subfield>
    <subfield code="9">6662</subfield>
    <subfield code="a">LBB</subfield>
    <subfield code="b">LBB</subfield>
    <subfield code="c">B061</subfield>
    <subfield code="d">2015-09-29</subfield>
    <subfield code="o">AGR CHA 2002 B061 Or.4</subfield>
    <subfield code="p">RUA008312</subfield>
    <subfield code="r">2015-09-29</subfield>
    <subfield code="w">2015-09-29</subfield>
    <subfield code="y">AGR</subfield>
  </datafield>
  <datafield tag="952" ind1=" " ind2=" ">
    <subfield code="0">0</subfield>
    <subfield code="1">0</subfield>
    <subfield code="2">ddc</subfield>
    <subfield code="4">0</subfield>
    <subfield code="6">AGR_CHA_2002_000000000000000_B061_OR_5</subfield>
    <subfield code="7">0</subfield>
    <subfield code="9">6663</subfield>
    <subfield code="a">LBB</subfield>
    <subfield code="b">LBB</subfield>
    <subfield code="c">B061</subfield>
    <subfield code="d">2015-09-29</subfield>
    <subfield code="o">AGR CHA 2002 B061 Or.5</subfield>
    <subfield code="p">RUA008240</subfield>
    <subfield code="r">2015-09-29</subfield>
    <subfield code="w">2015-09-29</subfield>
    <subfield code="y">AGR</subfield>
  </datafield>
  <datafield tag="952" ind1=" " ind2=" ">
    <subfield code="0">0</subfield>
    <subfield code="1">0</subfield>
    <subfield code="2">ddc</subfield>
    <subfield code="4">0</subfield>
    <subfield code="6">AGR_CHA_2002_000000000000000_B061_OR_6</subfield>
    <subfield code="7">0</subfield>
    <subfield code="9">6664</subfield>
    <subfield code="a">LBB</subfield>
    <subfield code="b">LBB</subfield>
    <subfield code="c">B061</subfield>
    <subfield code="d">2015-09-29</subfield>
    <subfield code="o">AGR CHA 2002 B061 Or.6</subfield>
    <subfield code="p">RUA(08279</subfield>
    <subfield code="r">2015-09-29</subfield>
    <subfield code="w">2015-09-29</subfield>
    <subfield code="y">AGR</subfield>
  </datafield>
  <datafield tag="952" ind1=" " ind2=" ">
    <subfield code="0">0</subfield>
    <subfield code="1">0</subfield>
    <subfield code="2">ddc</subfield>
    <subfield code="4">0</subfield>
    <subfield code="6">AGR_CHA_2002_000000000000000_B061_OR_7</subfield>
    <subfield code="7">0</subfield>
    <subfield code="9">48131</subfield>
    <subfield code="a">LBB</subfield>
    <subfield code="b">LBB</subfield>
    <subfield code="d">2016-07-15</subfield>
    <subfield code="o">AGR CHA 2002 B061 Or.7</subfield>
    <subfield code="p">RUA060311</subfield>
    <subfield code="r">2016-07-15</subfield>
    <subfield code="w">2016-07-15</subfield>
    <subfield code="y">AGR</subfield>
  </datafield>
</record>
